000 01554nam a22002417a 4500
999 _c56744
_d56744
003 Ge_BSU
005 20190421020011.0
008 190415s1983 ge ||||| |||| 00| 0 geo d
041 _ageo
080 _a930(479.22) + 94(479.22) ჯ-14
100 _aჯავახიშვილი, ივანე
_9178
245 _aთხზულებანი თორმეტ ტომად :
_bტ. 2 /
_cივ. ჯავახიშვილი ; მთ.რედ. დ. ჩხიკვიშვილი, ტომის რედ. ვ. გაბაშვილი ; საქ. სსრ მეცნ. აკად. , თბილ. სახელმწ. უნივერსიტეტი.
264 _aთბილისი :
_bმეცნიერება,
_c1983.
300 _a485 გვ. :
_bილ. : პორტრეტი;
_c25 სმ.
504 _aბიბლიოგრ.: ტექსტის შენიშვნებში.
653 _aქართული ისტორიოგრაფია
653 _aსაქართველოს ისტორია
700 _aჩხიკვიშვილი, დ.
_eმთ. რედაქტორი
_9179
700 _aგაბაშვილი,ვ.
_eტომის რედაქტორი
_9180
710 _aსაქართველოს სსრ მეცნიერებათა აკადემია
_9181
710 _aთბილისის სახელმწიფო უნივერსიტეტი
_9182
942 _2udc
_cBK